Statistics for Actors by Country #2

Click here to take the quiz!

General Stats

  • This quiz has been taken 39 times
  • The average score is 12 of 20

Answer Stats

ActorCountry% Correct
Penélope CruzSpain
94%
Nicolas CageUnited States
88%
Jean-Claude Van DammeBelgium
85%
Shah Rukh KhanIndia
82%
Sophia LorenItaly
82%
Takeshi KitanoJapan
82%
Cate BlanchettAustralia
79%
Tilda SwintonUnited Kingdom
76%
Gael García BernalMexico
74%
Choi Min-sikSouth Korea
71%
Klaus KinskiGermany
68%
Sam NeillNew Zealand
62%
Christopher PlummerCanada
56%
Isabelle HuppertFrance
53%
Max von SydowSweden
47%
Paul MescalIreland
35%
Ricardo DarínArgentina
26%
Wagner MouraBrazil
26%
John KaniSouth Africa
18%
Sofia BoutellaAlgeria
15%

Score Distribution

Percentile by Number Answered

Percent of People with Each Score

Your Score History

You have not taken this quiz